LEADER 01725nas 2200445-a 450 001 9910731453103321 005 20250919201114.0 011 $a2728-3313 035 $a(CKB)2320000000000301 035 $a(CONSER)--2008236415 035 $a(EXLCZ)992320000000000301 100 $a20070517a19949999 --- - 101 0 $afre 200 00$aBulletin d'histoire et d'épistémologie des sciences de la vie 210 $aParis $cSociété d'histoire et d'épistémologie des sciences de la vie 215 $a1 online resource 300 $aIssues for 2006- published by Éditions Kimé. 300 $aRefereed/Peer-reviewed 311 08$aPrint version: Bulletin d'histoire et d'épistémologie des sciences de la vie. 1279-7243 (DLC)--2008236415 (OCoLC)129645888 517 1 $aBull. hist. épistém. sci. vie 517 1 $aBulletin de la Société d'histoire et d'épistémologie des sciences de la vie 531 1 $aBull. hist. épistémol. sci. vie 606 $aKnowledge, Theory of$xHistory$vPeriodicals 606 $aLife sciences$xHistory$vPeriodicals 606 $aTeoria del coneixement$2thub 606 $aCiències de la vida$2thub 606 $aHistòria$2thub 608 $aPeriodicals.$2rbgenr 608 $aRevistes electròniques.$2thub 615 0$aKnowledge, Theory of$xHistory 615 0$aLife sciences$xHistory 615 7$aTeoria del coneixement 615 7$aCiències de la vida 615 7$aHistòria 712 02$aSociété d'histoire et d'épistémologie des sciences de la vie. 906 $aJOURNAL 912 $a9910731453103321 920 $aexl_impl conversion 996 $aBulletin d'histoire et d'épistémologie des sciences de la vie$93398944 997 $aUNINA